Statistiques concernant Pays d'Afrique par superficie

Cliquez ici pour prendre le quiz!

Statistiques générales

  • Ce quiz a été pris 97 fois
  • Le résultat moyen est 46 sur 54

Statistiques - réponses

rang de
zone
pays% Correct
1Algérie
100%
27Congo
99%
2Rép dém Congo
99%
3Soudan
98%
12Égypte
96%
9Afrique du Sud
95%
4Libye
94%
18Maroc
94%
5Tchad
93%
8Mali
92%
6Niger
92%
31Guinée
91%
7Angola
89%
28Côte d'Ivoire
89%
15Namibie
89%
14Nigeria
89%
20Somalie
89%
13Tanzanie
89%
35Tunisie
88%
17Zambie
88%
10Éthiopie
87%
26Zimbabwe
87%
11Mauritanie
86%
23Botswana
85%
24Kenya
85%
43Lesotho
85%
22Madagascar
85%
19Soudan du Sud
85%
44Guinée équatoriale
84%
16Mozambique
84%
41Togo
82%
50Cabo Verde
81%
47Djibouti
81%
32Ghana
81%
42Guinée-Bissau
81%
25Cameroun
80%
51Comores
80%
39Liberia
80%
46Rwanda
80%
34Sénégal
80%
37Érythrée
79%
48Eswatini
79%
21République
Centrafricaine
79%
54Seychelles
79%
29Burkina Faso
78%
45Burundi
78%
33Ouganda
76%
30Gabon
75%
52Île Maurice
75%
38Bénin
74%
40Sierra Leone
74%
53Sao Tomé-et-Principe
73%
49Gambie
72%
36Malawi
65%

Distribution des résultats

Percentile par nombre de réponses

% des personnes avec chaque résultat

Votre développement - résultats

Vous n’avez pas pris ce quiz